FIFA Soccer World Rankings 2018 - Statistics

General Stats
  • This quiz has been taken 127 times
  • The average score is 26 of 40
Answer Stats
Ranking Country % Correct
2 Brazil
96%
5 Argentina
95%
7 France
95%
1 Germany
94%
10 Spain
94%
4 Portugal
91%
3 Belgium
89%
20 Croatia
88%
19 Italy
84%
15 Mexico
84%
12 England
83%
24 Sweden
81%
25 USA
80%
17 Netherlands
77%
14 Uruguay
75%
16 Colombia
74%
8 Poland
73%
6 Switzerland
73%
12 Denmark
71%
9 Chile
69%
36 Australia
64%
18 Wales
63%
34 Serbia
62%
31 Republic of Ireland
60%
11 Peru
58%
27 Senegal
58%
35 Ukraine
58%
26 Austria
55%
38 Turkey
53%
22 Iceland
50%
28 Slovakia
47%
37 Iran
44%
32 Paraguay
42%
30 Romania
40%
23 Costa Rica
39%
21 Tunisia
35%
40 Bosnia and Herzegovina
33%
33 Venezuela
31%
29 Northern Ireland
30%
39 DR Congo
8%
No matching quizzes found
Score Distribution
Percent of People with Each Score
Percentile by Number Answered
Your Score History
You have not taken this quiz